Cat in the hat (The)/. (Record no. 116503)
[ view plain ]
| 000 -LEADER | |
|---|---|
| fixed length control field | 00325nam a2200133 a 4500 |
| 005 - DATE AND TIME OF LATEST TRANSACTION | |
| control field | 20140513081056.0 |
| 008 - FIXED-LENGTH DATA ELEMENTS--GENERAL INFORMATION | |
| fixed length control field | 070202s19uu xx 00 eng d |
| 050 ## - LIBRARY OF CONGRESS CALL NUMBER | |
| Classification number | VCD |
| Item number | Ca357 2004 |
| 100 ## - MAIN ENTRY--PERSONAL NAME | |
| Personal name | Myers, Mike |
| 245 ## - TITLE STATEMENT | |
| Title | Cat in the hat (The)/. |
| 260 ## - PUBLICATION, DISTRIBUTION, ETC. (IMPRINT) | |
| Name of publisher, distributor, etc | Magnavission, |
| Date of publication, distribution, etc | 2004. |
| 500 ## - GENERAL NOTE | |
| General note | with 2 discs |
| Withdrawn status | Lost status | Damaged status | Home library | Current library | Shelving location | Date acquired | Source of acquisition | Cost, normal purchase price | Total Checkouts | Full call number | Barcode | Date last seen | Price effective from | Koha item type |
|---|---|---|---|---|---|---|---|---|---|---|---|---|---|---|
| Elizalde Library | Elizalde Library | Audio Visual Material Section | 02/02/2007 | 100.00 | VCD Ca357 2004 | E588 | 05/13/2014 | 05/13/2014 | Audio Visual Materials |